Catalog

Record Details

Catalog Search



Shhhhh! Everybody's sleeping / by Julie Markes ; ... Read More

Markes, Julie.(Author).
Parkins, David.(Added Author).

Available copies

  • 1 of 1 copy available at LARL/NWRL Consortium. (Show)
  • 1 of 1 copy available at Lake Agassiz Regional Library.

Current holds

0 current holds with 1 total copy.

Show All Copies
Location Call Number / Copy Notes Barcode Shelving Location Status Due Date
Crookston Public Library E M (Text) 33500008328965 Main Available -

Record details

  • ISBN: 9780060537906
  • ISBN: 0060537906
  • ISBN: 0060537914 (lib. bdg.)
  • Physical Description: 1 v. (unpaged) : col. ill. ; 24 x 31 cm.
  • Edition: 1st ed.
  • Publisher: New York : HarperCollins, 2005.

Content descriptions

Summary, etc.:
A young child is encouraged to go to sleep by the ... Read More
LDR 01263pam a2200313 a 4500
00156533
003LARL_NWRL_CONSORTIUM
00520050129104241.0
008031223s2005 nyua a 000 1 eng
010 . ‡a2003027854
020 . ‡a9780060537906
020 . ‡a0060537906
020 . ‡a0060537914 (lib. bdg.)
035 . ‡a(OCoLC)54455423
040 . ‡aDLC ‡cDLC ‡dIG# ‡dOCO
08200. ‡a[E] ‡222
1001 . ‡aMarkes, Julie. ‡0(LARL_NWRL_CONSORTIUM)129415
24510. ‡aShhhhh! Everybody's sleeping / ‡cby Julie Markes ; illustrated by David Parkins.
2463 . ‡aShhhhh! Everybody is sleeping
250 . ‡a1st ed.
260 . ‡aNew York : ‡bHarperCollins, ‡c2005.
300 . ‡a1 v. (unpaged) : ‡bcol. ill. ; ‡c24 x 31 cm.
520 . ‡aA young child is encouraged to go to sleep by the thought of everyone else sleeping, from teacher to baker to postman.
7001 . ‡aParkins, David. ‡0(LARL_NWRL_CONSORTIUM)83658
901 . ‡a56533 ‡bOCLC ‡c56533 ‡tbiblio

Additional Resources